| 000 | 01559nam a2200241Ia 4500 | ||
|---|---|---|---|
| 003 | Ost | ||
| 005 | 20260507075357.0 | ||
| 008 | 260507s9999||||xx |||||||||||||| ||und|| | ||
| 040 | _cfsecg | ||
| 041 | _aara | ||
| 082 | _a330 | ||
| 100 |
_aبدوي، محمد عباس _eمؤلف |
||
| 245 | 0 |
_aمحاسبة شركات الأموال : _bقطاع الأعمال العام- القطاع الخاص / _c محمد عباس بدوي |
|
| 260 |
_aالإسكندرية: _bدار الجامعة الجديدة للنشر, _c2010 |
||
| 300 |
_a431 صفحة؛ _bإيضاحات ؛ _c24 سم |
||
| 520 | _aالمحاسبة في شركات القطاع الأعمال العام- الإطار العام للنظام المحاسبي الموحد- أسس وقواعد المعالجة المحاسبية طبقا للنظام المحاسبي الموحد- الحسابات والقوائم المالية الختامية- المحاسبة في شركات الاموال الخاصة- شركات الاموال ورأس المال المملوك- المعالجة المحاسبية لعمليات رأس المال المملوك- المعالجة المحاسبية لعمليات راس المال المقترض- القوائم المالية للشركات المساهمة الخاصة | ||
| 653 | _aالإدارة المالية | ||
| 653 | _aالشركات العامة | ||
| 653 | _aالقطاع الخاص | ||
| 653 | _aمحاسبة الشركات | ||
| 700 |
_aعثمان، الأميرة ابراهيم _eمؤلف ثانوي |
||
| 942 | _cكتاب | ||
| 999 |
_c44233 _d44233 |
||